LEADER 00830nam a2200205 i 4500 001 000000138914 003 CaOOAMICUS 005 20140415000000.0 008 140415s1854 it u000 u fre u 013 $a112869 040 $aSeMil$bita 245 10$aTome 1. 300 $a488 p. 500 $aFondo Bidoglio. 773 0 $aBoucher, Jean-Baptiste-Antoine <1771-1827>$tHistoire de la bienheureuse Marie de l'Incarnation dite dans le monde Mme Acarie.$bNouvelle édition, revue, considérablement augmentée et publiée par M.gr L'èvèque d'Orléans [Dupanloup].$dA Paris : J. Lecoffre et C., 1854.$g1$w()29735 850 $aSeMil 852 $aSeMil$W1$xVenegono$y1$m3J I 26 FA$j92354$B92354$CSeMilBibl$Z2$F97557 $8I 941 1 $a2 961 $aLascito: Bidoglio don Maurizio 996 $6245$aTome 1$9(OLS)http://semarc/title/1447 LEADER 00988nam a2200277 i 4500 001 000000083957 003 CaOOAMICUS 005 20210312121836.0 008 171009s1977 it u000 u ita u 013 $a56197 020 $a88-389-1098-7 040 $aSeMil$bita 100 1 $aCamilleri, Andrea,$d<1925-2019>.$0(OLS)http://semarc/name/42450 245 13$aIl birraio di Preston /$cAndrea Camilleri. 250 $a6. Ed. 260 $aPalermo :$bSellerio,$c1977. 300 $a236 p. ;$c17 cm. 490 0 $aLa memoria ;$v331 830 3$aLa memoria ;$v331.$0(OLS)http://semarc/title/10970 850 $aSeMil 852 $aSeMil$W1$xVenegono$y1$m1B I 320$j224919$B48428$CSeMilBibl$Z2$F51556 $81 961 $aOmaggio: Perego don Stefano 996 $6020$a88-389-1098-7$9(OLS)http://semarc/number/271585 996 $6245$aIl birraio di Preston$9(OLS)http://semarc/title/405524 996 $6260$aPalermo :$bSellerio$9(OLS)http://semarc/publisher/32246